Hot-mix asphalt paving handbook 2000 / (Record no. 1937)

000 -LEADER
fixed length control field 00471 a2200133 4500
020 ## - INTERNATIONAL STANDARD BOOK NUMBER
International Standard Book Number 0309071577
082 ## - DEWEY DECIMAL CLASSIFICATION NUMBER
Classification number 625.85 AAS
245 ## - TITLE STATEMENT
Title Hot-mix asphalt paving handbook 2000 /
Statement of responsibility, etc. [American Association of State Highway and Transportation Officials ... et al.].
250 ## - EDITION STATEMENT
Edition statement [2nd ed.]
260 ## - PUBLICATION, DISTRIBUTION, ETC.
Place of publication, distribution, etc. [Washington, D.C.] :
Name of publisher, distributor, etc. US Army Corps of Engineers,
Date of publication, distribution, etc. 2000.
300 ## - PHYSICAL DESCRIPTION
Extent viii, 219 p. :
Other physical details ill. ;
Dimensions 28 cm.
650 ## - SUBJECT ADDED ENTRY--TOPICAL TERM
Topical term or geographic name entry element Asphalt emulsion mixtures
650 ## - SUBJECT ADDED ENTRY--TOPICAL TERM
Topical term or geographic name entry element Pavements, Asphalt
650 ## - SUBJECT ADDED ENTRY--TOPICAL TERM
Topical term or geographic name entry element Asphalt cement
Holdings
Withdrawn status Lost status Damaged status Not for loan Permanent Location Current Location Shelving location Date acquired Total Checkouts Full call number Barcode Date last seen Price effective from Koha item type
        School of Civil and Environmental Engineering (SCEE) School of Civil and Environmental Engineering (SCEE)       625.85 AAS NIT-3524 01/05/2017 01/05/2017 Book
© 2023 Central Library, National University of Sciences and Technology. All Rights Reserved.